Proyecto de Investigación: subjetividad y transnacionalismo en los Santos. Concurso de historias sobre la migración hacia Estados Unidos en los Santos
Guardado en:
| Autor Corporativo: | |
|---|---|
| Formato: | Libro |
| Lenguaje: | Spanish |
| Publicado: |
San José, C.R:
IIS
[2010]
|
| Materias: | |
| Etiquetas: |
Agregar Etiqueta
Sin Etiquetas, Sea el primero en etiquetar este registro!
|
MARC
| LEADER | 00000nam a22000007a 4500 | ||
|---|---|---|---|
| 003 | cru CRAI/IIS | ||
| 005 | 20200129135953.0 | ||
| 008 | 200116b CR ||||| |||| 00| 0 spa d | ||
| 999 | |c 42853 |d 42853 | ||
| 040 | |c cru CRAI/IIS | ||
| 090 | |a 14.07.01 U58c | ||
| 110 | 1 | |9 3348 |a Universidad de Costa Rica. |b Facultad de Ciencias Sociales. |b Instituto de Investigaciones Sociales | |
| 245 | |a Proyecto de Investigación: |b subjetividad y transnacionalismo en los Santos. Concurso de historias sobre la migración hacia Estados Unidos en los Santos | ||
| 260 | |a San José, C.R: |b IIS |c [2010] | ||
| 300 | |a 39 páginas | ||
| 500 | |a Este concurso de historias sobre la migración hacia Estados Unidos en los Santos fue realizado por el Proyecto de Investigación "Subjetividad y Transnacionalismo en los Santos" | ||
| 650 | 0 | |9 300 |a MIGRACION LABORAL | |
| 650 | 0 | |9 7506 |a HISTORIA DE VIDA | |
| 650 | 4 | |9 1844 |a DESEMPLEO | |
| 650 | 0 | |9 6343 |a CRISIS ECONOMICA | |
| 942 | |2 ddc |c LI | ||
